[Event "51st National Challengers (National â€˜Bâ€™) Chess Cha"]
[Site "Bhopal, Madhya Pradesh-India"]
[Date "2013.10.21"]
[Round "12"]
[Board "19"]
[White "Ravichandran, Siddharth"]
[Black "Roy, Prantik"]
[Result "0-1"]
[WhiteElo "2372"]
[BlackElo "2238"]
[PlyCount "78"]
[EventDate "2013.10.12"]
[EventRounds "13"]
[EventCountry "IND"]

1. e4 c6 2. Nf3 d5 3. exd5 cxd5 4. Ne5 Nc6 5. d4 Nf6 6. Bb5 Bd7 7. Bxc6 bxc6 8.
O-O e6 9. Bg5 Be7 10. Nd2 O-O 11. Nb3 Ne4 12. Bxe7 Qxe7 13. f3 Nd6 14. Nc5 Be8
15. Re1 Nb7 16. Ned3 Nxc5 17. Nxc5 Qd6 18. Qd2 Bd7 19. Re2 Rfe8 20. Rae1 Rab8
21. b3 Re7 22. Qa5 Bc8 23. a4 g6 24. g3 Qc7 25. Qxc7 Rxc7 26. f4 h5 27. Kf2 Re7
28. h3 Kf8 29. Kf3 e5 30. Rxe5 Rxe5 31. Rxe5 f6 32. Re3 Bxh3 33. Na6 Rc8 34.
Kf2 Bf5 35. c3 Re8 36. Rxe8+ Kxe8 37. Nc5 Ke7 38. Kf3 g5 39. Kf2 Kf7 0-1

[Event "51st National Challengers (National â€˜Bâ€™) Chess Cha"]
[Site "Bhopal, Madhya Pradesh-India"]
[Date "2013.10.21"]
[Round "12"]
[Board "22"]
[White "Navin, Kanna T.U."]
[Black "Navalgund, Niranjan"]
[Result "1/2-1/2"]
[WhiteElo "2358"]
[BlackElo "2230"]
[PlyCount "81"]
[EventDate "2013.10.12"]
[EventRounds "13"]
[EventCountry "IND"]

1. d4 d5 2. Nf3 Nf6 3. c4 e6 4. g3 Bb4+ 5. Bd2 Be7 6. Bg2 O-O 7. O-O c6 8. Qc2
a5 9. Rd1 Nbd7 10. b3 b5 11. Bf4 Nh5 12. Bc1 a4 13. cxb5 cxb5 14. Ne5 Bd6 15.
Nd3 Bb7 16. b4 Rc8 17. Nc5 Bc6 18. Nc3 Nhf6 19. Bg5 h6 20. Bxf6 Qxf6 21. Qd3
Rb8 22. Rac1 Nxc5 23. dxc5 Be5 24. f4 Bxc3 25. Qxc3 Qxc3 26. Rxc3 f5 27. Re3
Kf7 28. Kf2 Kf6 29. Re5 Rbe8 30. Rd3 g5 31. Bf3 g4 32. Bg2 h5 33. Rd1 Rh8 34.
h3 Reg8 35. h4 Rd8 36. Rd4 Rd7 37. Rd3 Rdd8 38. Rde3 Rhe8 39. a3 Kf7 40. Rd3
Kf6 41. Rd4 1/2-1/2

[Event "51st National Challengers (National â€˜Bâ€™) Chess Cha"]
[Site "Bhopal, Madhya Pradesh-India"]
[Date "2013.10.21"]
[Round "12"]
[Board "26"]
[White "Siva, Mahadevan"]
[Black "Ravi, Teja S."]
[Result "0-1"]
[WhiteElo "1976"]
[BlackElo "2285"]
[PlyCount "122"]
[EventDate "2013.10.12"]
[EventRounds "13"]
[EventCountry "IND"]

1. e4 c6 2. d4 d5 3. Nd2 dxe4 4. Nxe4 Bf5 5. Ng3 Bg6 6. h4 h6 7. Nf3 Nf6 8. h5
Bh7 9. Bd3 Bxd3 10. Qxd3 e6 11. Bf4 Qa5+ 12. Bd2 Bb4 13. c3 Be7 14. c4 Bb4 15.
a3 Bxd2+ 16. Nxd2 Nbd7 17. c5 O-O 18. O-O Rad8 19. b4 Qc7 20. Nc4 b6 21. Nd6
Ne8 22. Nge4 Nxd6 23. cxd6 Qb8 24. Qc4 Nf6 25. Nxf6+ gxf6 26. Qxc6 Qxd6 27. Qf3
Qxd4 28. Rae1 f5 29. Qg3+ Kh7 30. Rd1 Qg4 31. Qxg4 fxg4 32. Rxd8 Rxd8 33. Rc1
Rd7 34. Rc4 f5 35. Rc6 Re7 36. g3 Kg7 37. Rc8 Kf6 38. Rg8 Rg7 39. Rh8 Kg5 40.
Re8 Rc7 41. Rxe6 Rc3 42. Re7 Rxa3 43. Rf7 a6 44. Rb7 b5 45. Rf7 Ra4 46. Ra7
Kxh5 47. Kg2 Kg6 48. Kh2 h5 49. Kg2 Kf6 50. Rh7 Rxb4 51. Rh6+ Kg5 52. Rxa6 h4
53. gxh4+ Kxh4 54. Ra8 Rb2 55. Rg8 b4 56. Rg7 Rb1 57. Rb7 Kg5 58. Rb5 Kf4 59.
Rb8 Rb2 60. Kg1 Kf3 61. Rb5 f4 0-1

[Event "51st National Challengers (National â€˜Bâ€™) Chess Cha"]
[Site "Bhopal, Madhya Pradesh-India"]
[Date "2013.10.21"]
[Round "12"]
[Board "27"]
[White "Gurpreet, Singh Maras"]
[Black "Abhishek, Das"]
[Result "1-0"]
[WhiteElo "2261"]
[BlackElo "2228"]
[PlyCount "73"]
[EventDate "2013.10.12"]
[EventRounds "13"]
[EventCountry "IND"]

1. e4 c5 2. Nf3 Nc6 3. Bb5 Nd4 4. Nxd4 cxd4 5. O-O e6 6. b3 Bc5 7. Bb2 Ne7 8.
c3 Nc6 9. Qh5 dxc3 10. dxc3 d6 11. Ba3 Qb6 12. Ba4 Bxa3 13. Nxa3 O-O 14. Nc4
Qc7 15. Bxc6 bxc6 16. Qa5 Qe7 17. Qa3 c5 18. Rad1 d5 19. exd5 Bb7 20. Ne3 f5
21. d6 Qh4 22. f4 g5 23. Qxc5 gxf4 24. Qc4 Be4 25. Qxe6+ Rf7 26. Nd5 f3 27. g3
Qg5 28. Nf4 Rd8 29. Kf2 Qf6 30. Rd4 Qg7 31. Rfd1 Kh8 32. Rc4 Rfd7 33. Nh5 Qg6
34. Qe5+ Kg8 35. Nf6+ Kf7 36. Nxd7 Rxd7 37. Rc7 1-0

[Event "51st National Challengers (National â€˜Bâ€™) Chess Cha"]
[Site "Bhopal, Madhya Pradesh-India"]
[Date "2013.10.21"]
[Round "12"]
[Board "29"]
[White "Himanshu, Sharma"]
[Black "Linda, Rangarajan"]
[Result "1-0"]
[WhiteElo "2391"]
[BlackElo "2170"]
[PlyCount "97"]
[EventDate "2013.10.12"]
[EventRounds "13"]
[EventCountry "IND"]

1. e4 e5 2. Nf3 Nc6 3. Bb5 a6 4. Ba4 Nf6 5. O-O Be7 6. Re1 b5 7. Bb3 d6 8. c3
O-O 9. h3 Nb8 10. d4 Nbd7 11. Nbd2 Bb7 12. Bc2 Re8 13. Nf1 Bf8 14. Ng3 g6 15.
a4 c5 16. d5 c4 17. Bg5 Qc7 18. Qd2 Reb8 19. Ra3 Qc8 20. Rea1 Bg7 21. Qc1 Nc5
22. Nd2 Nfd7 23. Nb1 Nb6 24. axb5 axb5 25. Be3 Nbd7 26. Ne2 Nd3 27. Qd2 Nxb2
28. Ba7 Nc5 29. Bxb8 Rxb8 30. Nc1 Qf8 31. Qe2 Bh6 32. Nd2 f5 33. Rb1 Nbd3 34.
Nxd3 cxd3 35. Bxd3 fxe4 36. Nxe4 Bxd5 37. Nxc5 dxc5 38. Rxb5 Rxb5 39. Bxb5 Qf4
40. Ra1 Kf7 41. Rd1 Be6 42. Bc6 Kf6 43. Qd3 Bf8 44. Qd8+ Kg7 45. Bd5 Bf5 46.
Ra1 Bd3 47. g3 Qf5 48. Ra7+ Kh8 49. Rf7 1-0

[Event "51st National Challengers (National â€˜Bâ€™) Chess Cha"]
[Site "Bhopal, Madhya Pradesh-India"]
[Date "2013.10.21"]
[Round "12"]
[Board "30"]
[White "Nitin, S."]
[Black "Sekar, B"]
[Result "1-0"]
[WhiteElo "2364"]
[BlackElo "2149"]
[PlyCount "43"]
[EventDate "2013.10.12"]
[EventRounds "13"]
[EventCountry "IND"]

1. e4 c5 2. Nf3 d6 3. d4 cxd4 4. Nxd4 Nf6 5. Nc3 a6 6. Be3 e5 7. Nb3 Be6 8. Qd2
Nbd7 9. O-O-O Be7 10. f4 b5 11. f5 Bc4 12. g4 Nxg4 13. Rg1 Ndf6 14. h3 Nxe3 15.
Qxe3 Bxb3 16. axb3 g6 17. Kb1 Qc7 18. Qh6 Qc5 19. fxg6 O-O-O 20. g7 Rhg8 21.
Bd3 Kb7 22. Rdf1 1-0

[Event "51st National Challengers (National â€˜Bâ€™) Chess Cha"]
[Site "Bhopal, Madhya Pradesh-India"]
[Date "2013.10.21"]
[Round "12"]
[Board "34"]
[White "Dahale, Atul"]
[Black "Abhishek, Kelkar"]
[Result "0-1"]
[WhiteElo "2137"]
[BlackElo "2291"]
[PlyCount "60"]
[EventDate "2013.10.12"]
[EventRounds "13"]
[EventCountry "IND"]

1. d4 Nf6 2. c4 g6 3. Nc3 Bg7 4. e4 O-O 5. h3 d6 6. Bg5 Nbd7 7. Bd3 e5 8. d5 h6
9. Be3 Nc5 10. Bc2 a5 11. Qd2 Kh7 12. Nge2 Nfxe4 13. Nxe4 Nxe4 14. Bxe4 f5 15.
Bd3 f4 16. Bxf4 exf4 17. Nxf4 Qg5 18. Bxg6+ Kh8 19. g3 Rxf4 20. Qxf4 Qxg6 21.
O-O-O Bd7 22. Rde1 a4 23. a3 Rf8 24. Qd2 Qf7 25. f4 b5 26. cxb5 Rb8 27. Qa5
Qxd5 28. Rh2 Rxb5 29. Qa6 Qc4+ 30. Rc2 Bxb2+ 0-1

[Event "51st National Challengers (National â€˜Bâ€™) Chess Cha"]
[Site "Bhopal, Madhya Pradesh-India"]
[Date "2013.10.21"]
[Round "12"]
[Board "40"]
[White "Vignesh, Nr"]
[Black "Jagadeesh, A.K."]
[Result "1-0"]
[WhiteElo "2256"]
[BlackElo "2068"]
[PlyCount "51"]
[EventDate "2013.10.12"]
[EventRounds "13"]
[EventCountry "IND"]

1. d4 Nf6 2. Nf3 e6 3. c4 d5 4. g3 Be7 5. Bg2 O-O 6. O-O c5 7. cxd5 Nxd5 8. e4
Nf6 9. Nc3 cxd4 10. Nxd4 Nbd7 11. Qe2 Qa5 12. Re1 Ne5 13. f4 Nc6 14. Nb3 Qc7
15. e5 Nd5 16. Nxd5 exd5 17. Bxd5 Nb4 18. Be4 Be6 19. Be3 Nxa2 20. Nd4 Bc4 21.
Qc2 Nb4 22. Bxh7+ Kh8 23. Qf5 Qb6 24. e6 Nd5 25. Qh3 Nf6 26. Bd3+ 1-0

[Event "51st National Challengers (National â€˜Bâ€™) Chess Cha"]
[Site "Bhopal, Madhya Pradesh-India"]
[Date "2013.10.21"]
[Round "12"]
[Board "48"]
[White "Koshy, Varugeese"]
[Black "Ajay Krishna, S"]
[Result "1/2-1/2"]
[WhiteElo "2245"]
[BlackElo "2006"]
[PlyCount "60"]
[EventDate "2013.10.12"]
[EventRounds "13"]
[EventCountry "IND"]

1. e4 c5 2. c3 d5 3. d3 Nc6 4. Nd2 Nf6 5. Ngf3 g6 6. Be2 Bg7 7. O-O O-O 8. Re1
c4 9. exd5 cxd3 10. dxc6 dxe2 11. Qxe2 Re8 12. cxb7 Bxb7 13. Nb3 a5 14. Nc5 Bc6
15. Be3 Qc7 16. Rad1 Ng4 17. h3 Nxe3 18. Qxe3 Bxf3 19. gxf3 Rac8 20. Na4 Rb8
21. b3 Rb5 22. c4 Rh5 23. Kg2 Bh6 24. Qd3 Rg5+ 25. Kh1 e6 26. Re4 Rh5 27. Kg2
f5 28. Rd4 Rg5+ 29. Kh1 Rh5 30. Kg2 Rg5+ 1/2-1/2

[Event "51st National Challengers (National â€˜Bâ€™) Chess Cha"]
[Site "Bhopal, Madhya Pradesh-India"]
[Date "2013.10.21"]
[Round "12"]
[Board "60"]
[White "Muthaiah, Al"]
[Black "Kamal Kishore, Debnath"]
[Result "1-0"]
[WhiteElo "2083"]
[BlackElo "1867"]
[PlyCount "51"]
[EventDate "2013.10.12"]
[EventRounds "13"]
[EventCountry "IND"]

1. Nf3 d5 2. d4 Nf6 3. Bf4 e6 4. e3 Bd6 5. Nbd2 O-O 6. Bd3 c5 7. Ne5 c4 8. Be2
Nc6 9. Bg3 Qc7 10. f4 Nd7 11. O-O f6 12. Nxc6 bxc6 13. b3 cxb3 14. axb3 e5 15.
c4 exd4 16. exd4 Re8 17. Bd3 g6 18. c5 Bf8 19. f5 Qd8 20. fxg6 h6 21. Bf4 Bg7
22. Qh5 Qe7 23. Nf3 Nf8 24. Rae1 Ne6 25. Nh4 Qf8 26. Bd6 1-0

[Event "51st National Challengers (National â€˜Bâ€™) Chess Cha"]
[Site "Bhopal, Madhya Pradesh-India"]
[Date "2013.10.21"]
[Round "12"]
[Board "66"]
[White "Jayakumar, P."]
[Black "Sumit, Grover"]
[Result "0-1"]
[WhiteElo "2082"]
[BlackElo "1935"]
[PlyCount "57"]
[EventDate "2013.10.12"]
[EventRounds "13"]
[EventCountry "IND"]

1. e4 c6 2. d4 d5 3. exd5 cxd5 4. c4 Nf6 5. Nc3 Nc6 6. Bg5 dxc4 7. d5 Ne5 8.
Qd4 h6 9. Qxe5 hxg5 10. Bxc4 Qb6 11. Nf3 Bd7 12. O-O-O Ng4 13. Qxg5 Nxf2 14.
Ne5 Nxd1 15. Nxd7 Qxb2+ 16. Kxd1 Qxc3 17. Qg4 a6 18. Nc5 Rd8 19. Rf1 Qe5 20.
Rf5 Qxh2 21. Nxb7 Rd7 22. Bxa6 Qg1+ 23. Kd2 Rh1 24. Qg3 Qd1+ 25. Ke3 Re1+ 26.
Kf4 g6 27. Qc3 Bh6+ 28. Kg3 Re3+ 29. Rf3 0-1

[Event "51st National Challengers (National â€˜Bâ€™) Chess Cha"]
[Site "Bhopal, Madhya Pradesh-India"]
[Date "2013.10.21"]
[Round "12"]
[Board "67"]
[White "Dave, Kantilal"]
[Black "Srinath, Rao S.V."]
[Result "1/2-1/2"]
[WhiteElo "2064"]
[BlackElo "1938"]
[PlyCount "87"]
[EventDate "2013.10.12"]
[EventRounds "13"]
[EventCountry "IND"]

1. Nf3 d5 2. d4 Nf6 3. e3 Bg4 4. c4 dxc4 5. Bxc4 e6 6. O-O a6 7. Nbd2 Nc6 8. b3
Bb4 9. Bb2 Qe7 10. Be2 Ba3 11. Qc1 Bxb2 12. Qxb2 O-O 13. Rac1 Rfd8 14. a3 e5
15. dxe5 Nxe5 16. Rfe1 Nd3 17. Bxd3 Rxd3 18. Qc2 Rd7 19. b4 Rad8 20. Nd4 Be6
21. N2b3 Bxb3 22. Nxb3 Ng4 23. h3 Ne5 24. Nd4 c6 25. Qb3 Qg5 26. f4 Qg3 27. Qc3
Rxd4 28. exd4 Nd3 29. Rf1 Nxc1 30. Qxc1 Rxd4 31. Rf3 Qh4 32. Qe3 Qd8 33. Kh2
Kf8 34. Qe5 Qd6 35. Qf5 g6 36. Qc8+ Kg7 37. Qxb7 Rxf4 38. Rxf4 Qxf4+ 39. Kh1
Qf1+ 40. Kh2 Qb5 41. Qe7 h5 42. Qc7 g5 43. Qe7 Qd5 44. Qe2 1/2-1/2

[Event "51st National Challengers (National â€˜Bâ€™) Chess Cha"]
[Site "Bhopal, Madhya Pradesh-India"]
[Date "2013.10.22"]
[Round "13"]
[Board "2"]
[White "Ashwin, Jayaram"]
[Black "Karthikeyan, Murali"]
[Result "1-0"]
[WhiteElo "2461"]
[BlackElo "2444"]
[PlyCount "97"]
[EventDate "2013.10.12"]
[EventRounds "13"]
[EventCountry "IND"]

1. d4 d5 2. c4 e6 3. Nc3 Be7 4. cxd5 exd5 5. Bf4 Nf6 6. e3 O-O 7. Bd3 Nbd7 8.
Nf3 c6 9. Qc2 Re8 10. h3 Nf8 11. Bh2 Bd6 12. Ne5 Qe7 13. O-O-O N6d7 14. f4 f6
15. Nf3 b5 16. Rhe1 b4 17. Na4 Nb6 18. e4 dxe4 19. Bxe4 Qf7 20. Nxb6 axb6 21.
Qxc6 Rxe4 22. Qxa8 Bb7 23. Qa4 Ne6 24. Qb3 Nxf4 25. Qxf7+ Kxf7 26. Kd2 Rxe1 27.
Rxe1 g5 28. Re3 Bd5 29. b3 h6 30. g4 Bf8 31. Bxf4 gxf4 32. Rd3 Be4 33. Ke2 f5
34. Rd1 fxg4 35. hxg4 Bd6 36. Rh1 Kg7 37. Rh5 Bc6 38. Nh4 Bf8 39. Re5 Bd7 40.
Kf3 Kf6 41. Rh5 Be8 42. Rf5+ Kg7 43. Re5 Bd7 44. Kxf4 Kf6 45. Rd5 Ke6 46. Rf5
Bd6+ 47. Ke4 Be8 48. d5+ Kd7 49. Rf6 1-0

[Event "51st National Challengers (National â€˜Bâ€™) Chess Cha"]
[Site "Bhopal, Madhya Pradesh-India"]
[Date "2013.10.22"]
[Round "13"]
[Board "3"]
[White "Debashis, Das"]
[Black "Sengupta, Deep"]
[Result "1/2-1/2"]
[WhiteElo "2497"]
[BlackElo "2589"]
[PlyCount "71"]
[EventDate "2013.10.12"]
[EventRounds "13"]
[EventCountry "IND"]

1. d4 d5 2. c4 e6 3. Nc3 c6 4. e3 Nf6 5. Nf3 a6 6. c5 b6 7. cxb6 Qxb6 8. Bd3 a5
9. Na4 Qc7 10. O-O Ba6 11. b3 Bd6 12. Bb2 Nbd7 13. Bxa6 Rxa6 14. Qd3 Ra7 15.
Rac1 O-O 16. Rc2 Rc8 17. Rfc1 Ne4 18. Qe2 f5 19. g3 g5 20. Nd2 Nef6 21. Nb1 g4
22. Ba3 Bb4 23. Bxb4 axb4 24. a3 bxa3 25. Nxa3 Rb7 26. Qa6 Nb8 27. Qd3 Ne4 28.
Nb1 Ng5 29. Nd2 Nd7 30. Qa6 Nb8 31. Qd3 Qe7 32. Nc5 Rbc7 33. Qe2 h5 34. h4 Ne4
35. Ndxe4 fxe4 36. Na6 1/2-1/2

[Event "51st National Challengers (National â€˜Bâ€™) Chess Cha"]
[Site "Bhopal, Madhya Pradesh-India"]
[Date "2013.10.22"]
[Round "13"]
[Board "4"]
[White "Akshat, Khamparia"]
[Black "Adhiban, B."]
[Result "1/2-1/2"]
[WhiteElo "2384"]
[BlackElo "2587"]
[PlyCount "56"]
[EventDate "2013.10.12"]
[EventRounds "13"]
[EventCountry "IND"]

1. d4 Nf6 2. c4 e6 3. Nc3 Bb4 4. e3 O-O 5. Nge2 d5 6. cxd5 exd5 7. Nf4 c6 8.
Bd3 Re8 9. O-O Nbd7 10. Bd2 Nf8 11. f3 Ng6 12. Nfe2 Bd6 13. Qc2 c5 14. Rae1 a6
15. b3 Qc7 16. h3 Nh4 17. dxc5 Bxc5 18. Na4 Bxe3+ 19. Bxe3 Qxc2 20. Bxc2 Rxe3
21. Nb6 Rb8 22. Nd4 Rxe1 23. Rxe1 Kf8 24. g4 Ng6 25. Bxg6 hxg6 26. Rc1 Be6 27.
g5 Ke7 28. gxf6+ gxf6 1/2-1/2

[Event "51st National Challengers (National â€˜Bâ€™) Chess Cha"]
[Site "Bhopal, Madhya Pradesh-India"]
[Date "2013.10.22"]
[Round "13"]
[Board "5"]
[White "Rathnakaran, K."]
[Black "Sethuraman, S.P."]
[Result "1-0"]
[WhiteElo "2428"]
[BlackElo "2566"]
[PlyCount "75"]
[EventDate "2013.10.12"]
[EventRounds "13"]
[EventCountry "IND"]

1. e4 c5 2. Nf3 d6 3. c3 Nf6 4. h3 g6 5. Bd3 Bg7 6. Bc2 Nc6 7. O-O O-O 8. d4 d5
9. e5 Ne4 10. Nbd2 Bf5 11. dxc5 Qc7 12. Nxe4 dxe4 13. Ng5 Qxe5 14. Qe2 Qxc5 15.
Nxe4 Qb6 16. a4 Qc7 17. Rd1 Na5 18. Rd5 b6 19. Rxf5 gxf5 20. Ng5 h6 21. Qh5
hxg5 22. Bxg5 Qe5 23. g4 Rfd8 24. gxf5 Kf8 25. Kh1 Nc4 26. Rg1 Nd2 27. f3 Rd6
28. Qg4 Ke8 29. Bf4 Qd5 30. Bxd6 exd6 31. Qxg7 Kd7 32. Bd1 Re8 33. Qd4 Qxd4 34.
cxd4 Re3 35. Kg2 Rd3 36. Bc2 Rxd4 37. Rd1 Kc6 38. h4 1-0

[Event "51st National Challengers (National â€˜Bâ€™) Chess Cha"]
[Site "Bhopal, Madhya Pradesh-India"]
[Date "2013.10.22"]
[Round "13"]
[Board "6"]
[White "Vishnu, Prasanna. V"]
[Black "Neelotpal, Das"]
[Result "1-0"]
[WhiteElo "2496"]
[BlackElo "2455"]
[PlyCount "53"]
[EventDate "2013.10.12"]
[EventRounds "13"]
[EventCountry "IND"]

1. d4 Nf6 2. c4 e6 3. Nc3 Bb4 4. e3 O-O 5. Bd3 d5 6. cxd5 Nxd5 7. Nge2 c5 8. a3
cxd4 9. axb4 dxc3 10. bxc3 Nc6 11. O-O Ne5 12. Bb1 Bd7 13. e4 Nb6 14. Nd4 Nec4
15. f4 e5 16. fxe5 Nxe5 17. Ra5 f6 18. Bf4 Re8 19. Bxe5 fxe5 20. Ba2+ Kh8 21.
Nf3 Qc7 22. Ng5 Qxc3 23. Nf7+ Kg8 24. Rxe5 Qa3 25. Rxe8+ Rxe8 26. Nh6+ Kh8 27.
Qd6 1-0

[Event "51st National Challengers (National â€˜Bâ€™) Chess Cha"]
[Site "Bhopal, Madhya Pradesh-India"]
[Date "2013.10.22"]
[Round "13"]
[Board "7"]
[White "Shyam, Nikil P."]
[Black "Kunte, Abhijit"]
[Result "1-0"]
[WhiteElo "2412"]
[BlackElo "2487"]
[PlyCount "79"]
[EventDate "2013.10.12"]
[EventRounds "13"]
[EventCountry "IND"]

1. e4 e5 2. Nf3 Nc6 3. Bb5 a6 4. Ba4 Nf6 5. O-O Be7 6. Re1 b5 7. Bb3 d6 8. c3
O-O 9. d4 Bg4 10. Be3 exd4 11. cxd4 Na5 12. Bc2 Nc4 13. Bc1 c5 14. b3 Nb6 15.
Bb2 cxd4 16. Nbd2 Nfd7 17. Qb1 Ne5 18. Nxd4 Rc8 19. Nf1 g6 20. Ne3 Bd7 21. Qd1
Bf6 22. Qd2 Nc6 23. Rad1 Be5 24. g3 Re8 25. f4 Nxd4 26. Bxd4 Bxd4 27. Qxd4 Rc6
28. Bd3 h5 29. Be2 Qc7 30. Bf3 Re6 31. Bg2 Kh7 32. Rf1 Be8 33. Nd5 Qd8 34. Nb4
Rc8 35. Bh3 a5 36. Bxe6 fxe6 37. Qxd6 Nd7 38. Nd3 Qf6 39. Rc1 Rd8 40. e5 1-0

[Event "51st National Challengers (National â€˜Bâ€™) Chess Cha"]
[Site "Bhopal, Madhya Pradesh-India"]
[Date "2013.10.22"]
[Round "13"]
[Board "8"]
[White "Stany, G.A."]
[Black "Swapnil, S. Dhopade"]
[Result "1-0"]
[WhiteElo "2388"]
[BlackElo "2471"]
[PlyCount "75"]
[EventDate "2013.10.12"]
[EventRounds "13"]
[EventCountry "IND"]

1. e4 c5 2. Nf3 e6 3. d4 cxd4 4. Nxd4 Nc6 5. Nc3 Qc7 6. Be2 a6 7. O-O Nf6 8.
Be3 b5 9. a3 Bb7 10. f4 Bc5 11. b4 Ba7 12. Qd3 Rc8 13. Ndxb5 axb5 14. Nxb5 Qb8
15. Bxa7 Nxa7 16. Nd6+ Ke7 17. e5 Ne8 18. Nxc8+ Nxc8 19. c4 d6 20. Qe3 f6 21.
Rad1 Qc7 22. c5 dxc5 23. Rc1 f5 24. Rxc5 Qb6 25. Rfc1 Kf7 26. Qf2 Ne7 27. Rb5
Qxf2+ 28. Kxf2 Be4 29. Rb8 Rg8 30. h4 Bd5 31. Kf1 Nf6 32. Rxg8 Nfxg8 33. b5 Ke8
34. b6 Kd8 35. Bf3 Kd7 36. Bxd5 exd5 37. b7 Nc6 38. Rxc6 1-0

[Event "51st National Challengers (National â€˜Bâ€™) Chess Cha"]
[Site "Bhopal, Madhya Pradesh-India"]
[Date "2013.10.22"]
[Round "13"]
[Board "9"]
[White "Swayams, Mishra"]
[Black "Gagare, Shardul"]
[Result "1-0"]
[WhiteElo "2434"]
[BlackElo "2443"]
[PlyCount "79"]
[EventDate "2013.10.12"]
[EventRounds "13"]
[EventCountry "IND"]

1. d4 Nf6 2. c4 g6 3. Nc3 Bg7 4. e4 d6 5. Nf3 O-O 6. Be2 e5 7. O-O Nc6 8. d5
Ne7 9. Ne1 Nd7 10. Be3 f5 11. f3 f4 12. Bf2 g5 13. a4 a5 14. Nd3 b6 15. b4 axb4
16. Nxb4 Nf6 17. Nc6 Nxc6 18. dxc6 Rf7 19. c5 bxc5 20. Bc4 Ba6 21. Nb5 d5 22.
exd5 Bxb5 23. axb5 Rxa1 24. Qxa1 Qd6 25. Qa3 Bf8 26. Re1 e4 27. fxe4 Ng4 28. h3
Ne5 29. Be2 Qf6 30. Bh5 Rg7 31. Qa8 f3 32. Qc8 Nd3 33. e5 Qf4 34. Qe6+ Kh8 35.
Qf6 Nxe1 36. Bxe1 fxg2 37. Qxf4 gxf4 38. b6 c4 39. d6 c3 40. Bxc3 1-0

[Event "51st National Challengers (National â€˜Bâ€™) Chess Cha"]
[Site "Bhopal, Madhya Pradesh-India"]
[Date "2013.10.22"]
[Round "13"]
[Board "10"]
[White "Murali Krishnan, B.T."]
[Black "Lalith, Babu M.R."]
[Result "0-1"]
[WhiteElo "2306"]
[BlackElo "2583"]
[PlyCount "76"]
[EventDate "2013.10.12"]
[EventRounds "13"]
[EventCountry "IND"]

1. d4 g6 2. c4 Bg7 3. e4 c5 4. d5 d6 5. Nc3 a6 6. f4 e6 7. Nf3 Ne7 8. a4 exd5
9. cxd5 Bg4 10. Be2 Nd7 11. Nd2 Bxe2 12. Qxe2 O-O 13. O-O Re8 14. Qf3 f5 15. g4
Qc7 16. Nc4 Nb6 17. Nxb6 Qxb6 18. a5 Qb4 19. Ra4 Qb3 20. Ra3 Qc2 21. gxf5 gxf5
22. e5 dxe5 23. fxe5 Bxe5 24. Qg2+ Qxg2+ 25. Kxg2 Rad8 26. Bg5 Nxd5 27. Na4 Rd6
28. Rxf5 Rg6 29. Kh3 c4 30. Raf3 Nb4 31. Nb6 Bxb2 32. Nxc4 Bg7 33. Rb3 Nc6 34.
Rxb7 Nd4 35. Rd5 Rf8 36. Rb6 Ne6 37. Kh4 Nxg5 38. Rxg5 Bf6 0-1

[Event "51st National Challengers (National â€˜Bâ€™) Chess Cha"]
[Site "Bhopal, Madhya Pradesh-India"]
[Date "2013.10.22"]
[Round "13"]
[Board "11"]
[White "Laxman, R.R."]
[Black "Gurpreet, Singh Maras"]
[Result "1-0"]
[WhiteElo "2424"]
[BlackElo "2261"]
[PlyCount "73"]
[EventDate "2013.10.12"]
[EventRounds "13"]
[EventCountry "IND"]

1. d4 Nf6 2. c4 e6 3. Nf3 Bb4+ 4. Bd2 a5 5. g3 b6 6. Bg2 Bb7 7. O-O Bxd2 8.
Qxd2 O-O 9. Nc3 d6 10. d5 exd5 11. cxd5 Nbd7 12. Nd4 Nc5 13. Rfe1 Qd7 14. e4
Rae8 15. b3 Ba6 16. a3 Nd3 17. Reb1 Ne5 18. f4 Ng6 19. b4 h5 20. bxa5 bxa5 21.
Nc6 h4 22. Bf3 hxg3 23. hxg3 Ng4 24. Kg2 f5 25. Bxg4 fxg4 26. Rh1 a4 27. Rh5
Bb7 28. f5 Ne5 29. Nxe5 Rxe5 30. Rah1 Qe7 31. Qf4 Qf6 32. Qxg4 Kf7 33. Rh7 c6
34. R1h5 Rg8 35. Rg5 Re7 36. e5 Rxe5 37. Rg6 1-0

[Event "51st National Challengers (National â€˜Bâ€™) Chess Cha"]
[Site "Bhopal, Madhya Pradesh-India"]
[Date "2013.10.22"]
[Round "13"]
[Board "12"]
[White "Sharma, Dinesh K."]
[Black "Das, Sayantan"]
[Result "1/2-1/2"]
[WhiteElo "2390"]
[BlackElo "2366"]
[PlyCount "102"]
[EventDate "2013.10.12"]
[EventRounds "13"]
[EventCountry "IND"]

1. e4 e6 2. d4 d5 3. Nc3 Bb4 4. e5 Ne7 5. a3 Bxc3+ 6. bxc3 c5 7. Qg4 cxd4 8.
Qxg7 Rg8 9. Qxh7 Qc7 10. Ne2 Nbc6 11. f4 dxc3 12. Qd3 d4 13. Nxd4 Nxd4 14. Qxd4
Bd7 15. Rg1 Nf5 16. Qf2 Qc6 17. Bd3 Qd5 18. Rb1 Bc6 19. Rb3 O-O-O 20. Rxc3 Kb8
21. Rc5 Qa2 22. Rc4 Qb1 23. Qd2 Qb6 24. Qf2 Nd4 25. Be3 Qa5+ 26. Qd2 Qxd2+ 27.
Kxd2 Nf5 28. g3 Rg7 29. Bf2 Rh8 30. h4 Rhg8 31. h5 Bf3 32. Rc3 Bxh5 33. Be4
Rd8+ 34. Rd3 Rgg8 35. Rb1 b6 36. a4 Nxg3 37. Bxg3 Rxd3+ 38. cxd3 Rxg3 39. a5
Bf3 40. axb6 Bxe4 41. bxa7+ Kxa7 42. dxe4 Rf3 43. Ke2 Rxf4 44. Ke3 Rg4 45. Kd4
Rf4 46. Rb4 Ka6 47. Kc5 Ka5 48. Rb1 Ka6 49. Kd4 Ka7 50. Rg1 Rf3 51. Rb1 Rf4
1/2-1/2

[Event "51st National Challengers (National â€˜Bâ€™) Chess Cha"]
[Site "Bhopal, Madhya Pradesh-India"]
[Date "2013.10.22"]
[Round "13"]
[Board "13"]
[White "Ravi, Teja S."]
[Black "Karthikeyan, P."]
[Result "1/2-1/2"]
[WhiteElo "2285"]
[BlackElo "2389"]
[PlyCount "48"]
[EventDate "2013.10.12"]
[EventRounds "13"]
[EventCountry "IND"]

1. d4 Nf6 2. c4 g6 3. g3 Bg7 4. Bg2 d5 5. cxd5 Nxd5 6. Nf3 Nb6 7. O-O Nc6 8. e3
O-O 9. Nc3 Re8 10. Re1 a5 11. Qe2 Be6 12. Rd1 Bc4 13. Qc2 Nb4 14. Qb1 a4 15. e4
e6 16. Be3 Qe7 17. Qc1 Ba6 18. b3 c5 19. dxc5 Rac8 20. e5 N6d5 21. Bd4 Nd3 22.
Nxd5 exd5 23. Qg5 axb3 24. axb3 Nxc5 1/2-1/2

[Event "51st National Challengers (National â€˜Bâ€™) Chess Cha"]
[Site "Bhopal, Madhya Pradesh-India"]
[Date "2013.10.22"]
[Round "13"]
[Board "14"]
[White "Yogit, S"]
[Black "Sagar, Shah"]
[Result "1/2-1/2"]
[WhiteElo "2024"]
[BlackElo "2373"]
[PlyCount "90"]
[EventDate "2013.10.12"]
[EventRounds "13"]
[EventCountry "IND"]

1. e4 c5 2. Nf3 e6 3. d4 cxd4 4. Nxd4 Nc6 5. Nc3 Qc7 6. g3 a6 7. Bg2 Nf6 8. O-O
d6 9. b3 Be7 10. Be3 Nxd4 11. Qxd4 O-O 12. h3 Bd7 13. Rac1 b5 14. Ne2 Rac8 15.
c4 Qa5 16. Qc3 Qxc3 17. Rxc3 bxc4 18. Rxc4 Rxc4 19. bxc4 Rc8 20. Rc1 e5 21. f4
Be6 22. c5 dxc5 23. fxe5 Nd7 24. Nd4 Bxa2 25. Nf5 Bf8 26. Bf1 Nxe5 27. Bxa6 Rc7
28. Bf4 f6 29. Ne3 Ra7 30. Be2 Nc6 31. Ra1 Be6 32. Rxa7 Nxa7 33. h4 Nc6 34. Kf2
Kf7 35. Nd5 Nb4 36. Bc4 h5 37. Ke3 g6 38. Kd2 f5 39. Ke3 fxe4 40. Nb6 Bxc4 41.
Nxc4 Nd5+ 42. Kxe4 Nxf4 43. Kxf4 Be7 44. Ke4 Kf6 45. Kd5 Kf5 1/2-1/2